000 01242aam a2200361 i 4500
001 768714001
003 CO-MdFUSB
005 20250513084423.0
007 ta
008 250513t2007 sp |||| |||| 00| 0 spa d
020 _a978-84-301-1655-3
040 _cCO-MdFUSB
041 _aspa
082 0 4 _223
_a248
_bA5531t
100 1 _aBernard, Charles André
_eautor
245 1 0 _aTeología Espiritual :
_bhacia la plenitud de la vida en el espíritu
_c/ Charles André Bernard ; traducido por Alfonso Ortiz , Vicente Hernández
250 _aSexta edición
264 1 _bEdiciones Sígueme,
_aSalamanca, España :
_c[2007]
264 4 _c©2007
300 _a638 páginas
336 _atexto
_btxt
_2rdacontent
337 _2rdamedia
_asin mediación
_bn
338 _2rdacarrier
_avolumen
_bnc
490 _aLux Mundi,
505 _aPrincipios generales: vida y doctrina -- el sujeto de la vida espiritual -- la realización del diálogo entre Dios y el hombre -- el progreso espiritual
563 _aPasta dura
653 _aVida cristiana
653 _aTeología dogmática
700 _aOrtíz García, Alfonso,
_98872
_etraductor
700 _aHernández, Vicente,
_911456
_etraductor
942 _cBK
945 _aJTF-925
999 _c44824
_d44824